<?xml version="1.0" encoding="UTF-8"?>
<marc:record xmlns:marc="http://www.loc.gov/MARC21/slim">
   <marc:leader>00000nam a2200000 a 4500</marc:leader>
   <marc:datafield ind1="1" ind2=" " tag="100">
      <marc:subfield code="a">Bautista, Dave</marc:subfield>
   </marc:datafield>
   <marc:datafield ind1="1" ind2=" " tag="100">
      <marc:subfield code="a">Stevenson, Ray</marc:subfield>
   </marc:datafield>
   <marc:datafield ind1="1" ind2=" " tag="100">
      <marc:subfield code="a">Brosnan, Pierce</marc:subfield>
   </marc:datafield>
   <marc:datafield ind1="0" ind2="0" tag="245">
      <marc:subfield code="a">Final Score</marc:subfield>
   </marc:datafield>
   <marc:datafield ind1=" " ind2="1" tag="264">
      <marc:subfield code="b">Final Score Film Limited</marc:subfield>
      <marc:subfield code="c">2018</marc:subfield>
   </marc:datafield>
   <marc:datafield ind1="1" ind2=" " tag="520">
      <marc:subfield code="a">Das legendäre Boleyn Ground ist restlos ausverkauft. Im Heimspiel tritt West Ham United gegen den Erzrivalen an. Die Ultras sind außer Rand und Band, die Stimmung gleicht einem Hexenkessel. Im Glauben sein abtrünniger Bruder Dimitri (Pierce Brosnan) hält sich im Stadion auf, macht der russische Rebellenführer Arkady (Ray Stevenson) mit Hilfe seiner Gefolgsleute die 35.000 Fußball-Fans zu seinen Geiseln. Unter diesen befindet sich auch Veteran Michael Knox (Dave Bautista), der bei einem traumatischen Einsatz in Afghanistan seinen besten Freund verloren hat. Ohne auf Hilfe von außen hoffen zu können, versucht Michael, die Geiselnehmer auszuschalten, um die Menschen im Stadion zu retten. Einem Vexierspiel gleich, in dem nichts ist, wie es scheint, beginnt ein nervenaufreibender Wettlauf gegen die Zeit.</marc:subfield>
   </marc:datafield>
   <marc:datafield ind1=" " ind2=" " tag="020">
      <marc:subfield code="a">4260495765075</marc:subfield>
      <marc:subfield code="9">4260495765075</marc:subfield>
   </marc:datafield>
   <marc:datafield ind1="0" ind2=" " tag="490">
      <marc:subfield code="v">0</marc:subfield>
   </marc:datafield>
   <marc:datafield ind1=" " ind2=" " tag="300">
      <marc:subfield code="a">105 Minuten</marc:subfield>
   </marc:datafield>
</marc:record>
